| 000 | 00551nam a2200205Ia 4500 | ||
|---|---|---|---|
| 005 | 20240827113454.0 | ||
| 008 | 140110s9999 xx 000 0 und d | ||
| 020 |
_a9788189994471 _cRs.120.00 |
||
| 040 | _aLoreto College | ||
| 041 | _aEnglish | ||
| 082 |
_a891.43 _bPAN |
||
| 100 | _aPande, Ramsakal | ||
| 245 |
_aHindi Sikshan _cRamsakal Pande |
||
| 260 |
_aAgra _bAgrabal Publications _c2009 |
||
| 300 | _a13, 388p. | ||
| 504 | _aIncludes bibliographical references and index | ||
| 650 | _aHindi literature | ||
| 850 | _aLCBED | ||
| 942 | _cBK | ||
| 999 |
_c38170 _d88649 |
||